Catalog

Record Details

Catalog Search



The secret ingredient of wishes  Cover Image Book Book

The secret ingredient of wishes / Susan Bishop Crispell.

Summary:

"26-year-old Rachel Monroe has spent her whole life trying to keep a very unusual secret: she can make wishes come true. And sometimes the consequences are disastrous. So when Rachel accidentally grants an outlandish wish for the first time in years, she decides it's time to leave her hometown--and her past--behind for good. Rachel isn't on the road long before she runs out of gas in a town that's not on her map: Nowhere, North Carolina--also known as the town of "Lost and Found." In Nowhere, Rachel is taken in by a spit-fire old woman, Catch, who possesses a strange gift of her own: she can bind secrets by baking them into pies. Rachel also meets Catch's neighbor, Ashe, a Southern gentleman with a complicated past, who makes her want to believe in happily-ever-after for the first time in her life. As she settles into the small town, Rachel hopes her own secrets will stay hidden, but wishes start piling up everywhere Rachel goes. When the consequences threaten to ruin everything she's begun to build in Nowhere, Rachel must come to terms with who she is and what she can do, or risk losing the people she's starting to love--and her chance at happiness--all over again."--Amazon.com.

Record details

  • ISBN: 9781250089090
  • ISBN: 1250089093
  • Physical Description: viii, 292 pages ; 25 cm
  • Edition: First edition.
  • Publisher: New York : Thomas Dunne Books/St. Martin's Press, 2016.
Subject: Single women > Fiction.
Genre: Fantasy fiction.

Available copies

  • 1 of 1 copy available at scottsboropl.

Holds

  • 0 current holds with 1 total copy.
Show All Copies
Location Call Number / Copy Notes Barcode Shelving Location Status Due Date
scottsboropl F Cri 32269001104044 Adult - Fiction Available -

LDR 02259nam a2200337 i 4500
001150233
003CONS
00520190305085249.0
008160825s2016 nyu 000 1 eng
010 . ‡a 2016016412
020 . ‡a9781250089090 ‡q(hardcover)
020 . ‡a1250089093 ‡q(hardcover)
035 . ‡a(CPomAG)LMN611038
042 . ‡apcc
043 . ‡an-us-nc
05000. ‡aPS3603.R5738 ‡bS47 2016
08200. ‡a813/.6 ‡223
1001 . ‡aCrispell, Susan Bishop, ‡eauthor.
24514. ‡aThe secret ingredient of wishes / ‡cSusan Bishop Crispell.
250 . ‡aFirst edition.
264 1. ‡aNew York : ‡bThomas Dunne Books/St. Martin's Press, ‡c2016.
300 . ‡aviii, 292 pages ; ‡c25 cm
336 . ‡atext ‡btxt ‡2rdacontent
337 . ‡aunmediated ‡bn ‡2rdamedia
338 . ‡avolume ‡bnc ‡2rdacarrier
520 . ‡a"26-year-old Rachel Monroe has spent her whole life trying to keep a very unusual secret: she can make wishes come true. And sometimes the consequences are disastrous. So when Rachel accidentally grants an outlandish wish for the first time in years, she decides it's time to leave her hometown--and her past--behind for good. Rachel isn't on the road long before she runs out of gas in a town that's not on her map: Nowhere, North Carolina--also known as the town of "Lost and Found." In Nowhere, Rachel is taken in by a spit-fire old woman, Catch, who possesses a strange gift of her own: she can bind secrets by baking them into pies. Rachel also meets Catch's neighbor, Ashe, a Southern gentleman with a complicated past, who makes her want to believe in happily-ever-after for the first time in her life. As she settles into the small town, Rachel hopes her own secrets will stay hidden, but wishes start piling up everywhere Rachel goes. When the consequences threaten to ruin everything she's begun to build in Nowhere, Rachel must come to terms with who she is and what she can do, or risk losing the people she's starting to love--and her chance at happiness--all over again."--Amazon.com.
650 0. ‡aSingle women ‡vFiction.
655 7. ‡aFantasy fiction. ‡2lcgft
914 . ‡aSCP_LP
959 . ‡i32269001104044 ‡lF Cri ‡aAdult - Fiction ‡tFiction ‡g26.00
852 . ‡p32269001104044 ‡jF Cri ‡gAdult - Fiction ‡cFiction ‡y26.00 ‡bSBPL
901 . ‡a150233 ‡bUnknown ‡c150233 ‡tbiblio

Additional Resources